| 000 | 00556cam a22002057a 4500 | ||
|---|---|---|---|
| 003 | OSt | ||
| 005 | 20150320151707.0 | ||
| 008 | 910528s1990 slv spa | ||
| 020 | _a968-406-308-3 | ||
| 040 |
_aDLC _cBMC _dDLC |
||
| 082 | _a863.9921 | ||
| 100 | 1 |
_aSefchovich, Sara _931257 |
|
| 245 | 1 | 0 |
_aDemasiado amor _cSara Sefchovich |
| 250 | _a1ª ed., 7ª reimp | ||
| 260 |
_aMéxico, D.F. _bPlaneta _c1993 |
||
| 300 |
_a185 p. _c24 cm |
||
| 500 | _aEn la cub.: Premio Agustín Yáñez 1990 | ||
| 650 | 2 | 4 |
_912570 _aNovela Mexicana |
| 942 |
_2ddc _cBK |
||
| 999 |
_c18216 _d18216 |
||